| 000 | 00374nam a2200097Ia 4500 | ||
|---|---|---|---|
| 082 | _a305.89639775|MBEN | ||
| 245 | 0 | _aPeople of the Dew' : a history of the Bafokeng of Phokeng-Rustenburg Region, South Africa, from early times to 2000 | |
| 100 |
_a Mbenga, Bernard Auckland Park, South Africa, 2010 _965619 |
||
| 942 | _cBK | ||
| 008 | 210817s9999 xx 000 0 und d | ||
| 999 |
_c209794 _d209793 |
||